Production and Provenance : Copy-Specific Features of Incunabula /
The aim of this volume is to re-evaluate some of the temporal, intermedial and geographical boundaries built around a long-established discipline, the study of incunabula. This volume starts by setting out the past and future landscapes of incunabula studies, looking particularly at copy-specific fe...
Other Authors: , ,
Format: eBook
Language: English
Published:
Leiden ; Boston :
BRILL,
2025.
Series:
Library of the Written Word ;
123.
Early Modern History and Modern History E-Books Online, Collection 2024.
Subjects:
Online Access: Login to view Source
Tags: Add Tag
Call Number: Z240
| LEADER | 04420nam a22005418i 4500 | ||
|---|---|---|---|
| 001 | BRILL9789004689855 | ||
| 003 | nllekb | ||
| 005 | 20260324115025.0 | ||
| 006 | m d | ||
| 007 | cr un uuuua | ||
| 008 | 250204s2025 gw sb 001 0 eng d | ||
| 020 | |a 9789004689855 |q (electronic book) | ||
| 020 | |z 9789004689848 |q (print) | ||
| 024 | 7 | |a 10.1163/9789004689855 |2 DOI | |
| 035 | |a (OCoLC)1459697527 | ||
| 040 | |a NL-LeKB |c NL-LeKB |e rda | ||
| 041 | |a eng | ||
| 050 | 4 | |a Z240 | |
| 072 | 7 | |a HIS |x 010000 |2 bisacsh | |
| 072 | 7 | |a HIS |x 037020 |2 bisacsh | |
| 072 | 7 | |a HBLH |2 bicssc | |
| 082 | 0 | 4 | |a 093 |2 23 |
| 245 | 0 | 0 | |a Production and Provenance : |b Copy-Specific Features of Incunabula / |c edited by John Goldfinch, Takako Kato, Satoko Tokunaga. |
| 246 | 3 | |a Copy-Specific Features of Incunabula | |
| 264 | 1 | |a Leiden ; |a Boston : |b BRILL, |c 2025. | |
| 264 | 4 | |c ©2025 | |
| 300 | |a 1 online resource (460 pages) : |b illustrations. | ||
| 336 | |a text |b txt |2 rdacontent | ||
| 337 | |a computer |b c |2 rdamedia | ||
| 338 | |a online resource |2 rdacarrier | ||
| 490 | 1 | |a Library of the Written Word ; |v 123 | |
| 490 | 1 | |a Early Modern History and Modern History E-Books Online, Collection 2024 | |
| 504 | |a Includes bibliographical references and index. | ||
| 505 | 0 | |t Introduction / |r Takako Kato -- Part 1 Perspectives on Incunabula Studies -- Chapter 1 Unique Features in Early Printed Books / |r Lotte Hellinga -- Chapter 2 Incunabula in Our New Book Historical Landscape / |r David Pearson -- Part 2 Aspects of Early Printing -- Chapter 3 A Succession of Uncertainties: Dating the Buxheim Saint Christopher / |r Edward Potten -- Chapter 4 Coping with Blank Space for Music in Incunabula / |r Mary Kay Duggan -- Part 3 Early Journeys and Producers -- Chapter 5 Illuminators of English and Continental Incunabula in England, c .1455-15 / |r Holly James-Maddocks -- Chapter 6 Tracking Changes: Decoration, Binding, and Annotation in Incunabula Imported to England / |r Suzanne Reynolds -- Chapter 7 The First Printed Books to Arrive in Scotland: Fifteenth-Century St Andrean Owners of Fifteenth-Century Books / |r Daryl Green -- Part 4 Later Journeys and Provenances -- Chapter 8 From Mainz to Manhattan: the Morgan Library's Three Gutenberg Bibles / |r John T. McQuillen -- Chapter 9 Context Specifics and the History of Collecting Ulrich Zel's 1466 Chrysostom / |r Eric Marshall White -- Chapter 1 Perfecting and Completing Caxton's Golden Legend : the Stratigraphy of Non-homogeneous Copies / |r Takako Kato -- Part 5 Provenances and Collections -- Chapter 11 'There ys in this olde Book many a good sayinge and Lesson': Copy-Specific Discoveries from the Glasgow Incunabula Project / |r Julie Gardham -- Chapter 12 Durham Priory Library: Recent Initiatives towards the Reconstruction of a Medieval Cathedral Library / |r Sheila Hingley -- Back Matter -- Index of Early Printed Books -- Index of Names. | |
| 520 | |a The aim of this volume is to re-evaluate some of the temporal, intermedial and geographical boundaries built around a long-established discipline, the study of incunabula. This volume starts by setting out the past and future landscapes of incunabula studies, looking particularly at copy-specific features. Subsequent chapters use research on specific editions or subjects in order to engage with the two key themes of the book: production and provenance of early printed books. By examining a wide range of copy-specific aspects of individual books, the volume showcases how printed books were produced in the fifteenth century and subsequently used and transformed by readers and owners during their long journeys till they fell into their current owners' hands. | ||
| 546 | |a English | ||
| 588 | |a Description based on print version record. | ||
| 650 | 0 | 0 | |a Incunabula |z Europe. |
| 650 | 0 | 0 | |a Printing |z Europe |x History |x Origin and antecedents. |
| 650 | 0 | 0 | |a Book industries and trade |z Europe |x History |y To 1500. |
| 700 | 1 | |a Tokunaga, Satoko, |e editor. | |
| 700 | 1 | |a Kato, Takako, |e editor. | |
| 700 | 1 | |a Goldfinch, John, |e editor. | |
| 776 | 0 | 8 | |i Print version: |t Production and Provenance : Copy-Specific Features of Incunabula. |z 9789004689848 |w (OCoLC)1417658340 |w (DLC) 2024036326 |
| 830 | 0 | |a Library of the Written Word ; |v 123. | |
| 830 | 0 | |a Early Modern History and Modern History E-Books Online, Collection 2024. | |
| 856 | 4 | |z DOI: |u http://dx.doi.org/10.1163/9789004689855 | |
| 999 | |c 61969 |d 61969 | ||
